000 00444nam a22001697a 4500
020 _a9788119443680
082 _aM 782 421 542
_bDEE/P
100 _aDeepu P Kurup
245 _aPattozhukum vazhi:
_bchalachithraganangalile samskarika mudrakal/
_cby Deepu P Kurup
260 _aKozhikode:
_bAtma books,
_c2024.
300 _a112p.
650 _aSongs Film Study
650 _aFilm Songs
650 _aMusic
650 _aArts
942 _cBK
999 _c182028
_d182028